| 000 | 01757nam a2200457 c 4500 | ||
|---|---|---|---|
| 001 | 21719 | ||
| 003 | ES-MaCES | ||
| 005 | 20150925133419.0 | ||
| 008 | 090113s2008 sp t 000 | spa d | ||
| 017 |
_aSE 5233-2008 _bDL |
||
| 020 | _a9788498493245 | ||
| 035 | _aCES20090000077m | ||
| 040 |
_aES-MaCES _bspa _cES-MaCES |
||
| 100 | 1 |
_aNuñez-Cortés Contreras, Pilar _919768 |
|
| 245 | 1 | 0 |
_aIgualdad y conciliación de vida personal y laboral en la empresa y Administraciones Públicas _b: (tras las modificaciones introducidas por la Ley 3/2007, para la igualdad efectiva de mujeres y hombres y la Ley 7/2007, del Estatuto básico del empleado público) _cPilar Núñez-Cortés Contreras, Teresa Velasco Portero, Amparo Garrigues Giménez |
| 260 |
_aMadrid _bDykinson _c[2008] |
||
| 300 |
_a259 p. _c21 cm |
||
| 504 | _aBibliografía: p. 249-259 | ||
| 541 | _cCompra | ||
| 650 | 4 |
_aigualdad de oportunidades _927183 |
|
| 650 | 4 |
_aigualdad de oportunidades en el empleo _930649 |
|
| 650 | 4 |
_amujeres _928657 |
|
| 650 | 4 |
_atrabajadora _928413 |
|
| 650 | 4 |
_aconciliación _927303 |
|
| 650 | 4 |
_atrabajo _928289 |
|
| 650 | 4 |
_afamilia _927318 |
|
| 650 | 4 |
_acondiciones de trabajo _928327 |
|
| 650 | 4 |
_aresponsabilidades familiares _930598 |
|
| 650 | 4 |
_aadministración pública _927214 |
|
| 650 | 4 |
_aEspaña _926964 |
|
| 650 | 4 |
_alegislación del trabajo _927166 |
|
| 650 | 4 |
_aderecho del trabajo _927165 |
|
| 650 | 4 |
_aderecho comunitario _929866 |
|
| 653 | 1 | 0 | _aDerecho del trabajo y Seguridad Social |
| 650 | 4 |
_928178 _aempresa |
|
| 700 | 1 |
_aVelasco Portero, Mª Teresa _925662 |
|
| 700 | 1 |
_aGarrigues Giménez, Amparo _913155 |
|
| 902 | _aLIB Libro | ||
| 942 |
_2CES _cBK _h6.0.1. |
||
| 999 |
_c21719 _d21719 |
||